000
00470nam a2200169Ia 4500
008
090711s9999 xx 000 0 und d
082
_b
79221
100
_a
थोरे अशोक
245
_a
फुत्कार
260
_b
गौरी प्रकाशन
_c
1996
300
_a
176
600
_a
थोरे अशोक
630
_a
फुत्कार
700
_a
थोरे अशोक
730
_a
फुत्कार
942
_c
BOOK
999
_c
291561
_d
291561